000 00183 a2200097 4500
020 _a9789972588303
041 _aspa
100 _aMunoz, Teresina
245 _aEl guanaco
942 _cBK
999 _c30887
_d30885